00642nam a2200193Ia 4500008004100000020001500041082001800056100002000074245003200094250000800126260002900134300001000163500002400173650001500197942000700212952010700219952010700326999001500433230524s9999 xx 000 0 und d a8129704196 a621.3812bBHA aS.K.Bhatacharya 0aControl Systems Engineering a1ST aSINGAPOREbPearsonc2005 aX;526 aQuantity Number: 2 aElectrical cBK 00104070aTATCLbTATCLcGENd2023-05-24l0o621.3812 BHAp6499r2023-05-24w2023-05-24yBKzPCEC4303 00104070aTATCLbTATCLcGENd2023-05-24l0o621.3812 BHAp6500r2023-05-24w2023-05-24yBKzPCEC4303 c6607d6607